Terraria Quiz - Statistics

General Stats
  • This quiz has been taken 318 times
  • The average score is 2 of 5
Answer Stats
Hint Answer % Correct
kills you in one hit, kill it for a pet dungeon guardian
85%
broken hero sword with something else terra blade
79%
dragon armour dorps, whats the boss ocram
48%
the rival is more squares, what is it minecraft
19%
when you ride it you can jump very high bunny mount
7%
No matching quizzes found
Score Distribution
Percent of People with Each Score
Percentile by Number Answered
Your Score History
You have not taken this quiz